01228nam a22001697a 4500008004100000020001800041040000800059041000800067100002600075245005100101260002800152300002400180520075100204650002100955650003700976650004501013251112b |||||||| |||| 00| 0 eng d a9780356504551 ctbs aeng aNorth, Claireeauthor aThe sudden appearance of Hopec/ Claire North. aLondon :bOrbit,c2017. a468 pages ;c20 cm. aThe World Fantasy Award-winning thriller about a girl no one can remember, from the acclaimed author of The First Fifteen Lives of Harry August and 84K . My name is Hope Arden, and you won't know who I am. But we've met before -- a thousand times. It started when I was sixteen years old. A father forgetting to drive me to school. A mother setting the table for three, not four. A friend who looks at me and sees a stranger. No matter what I do, the words I say, the crimes I commit, you will never remember who I am. That makes my life difficult. It also makes me dangerous. The Sudden Appearance of Hope is a riveting and heartbreaking exploration of identity and existence, about a forgotten girl whose story will stay with you forever.  0aThievesvFiction 0aElectronic surveillancevFiction 0aSelf-actualization (Psychology)vFiction